| 000 | 00493nam a2200193Ia 4500 | ||
|---|---|---|---|
| 999 |
_c47385 _d47385 |
||
| 001 | 14247 | ||
| 003 | GE_BSU | ||
| 005 | 20221124112009.0 | ||
| 008 | 181216s1995||||enk|||||||||||||| ||und|| | ||
| 020 | _a0717124258x | ||
| 040 | _cGE_BSU | ||
| 041 | _aeng | ||
| 080 | _a821.111-3 P-32 | ||
| 100 |
_aPatent, Arnold M. _916023 |
||
| 245 |
_aYou Can Have it All _cPatent Arnold M.Introduction Hatch John. |
||
| 264 |
_bCill & Macmillan, _c1995. |
||
| 300 |
_a212 p.; _b22 cm. |
||
| 942 |
_cBK _2udc |
||